| 000 | 01677nam0a2200373 4500 | ||
|---|---|---|---|
| 001 | RU\NLR\bibl\1733372 | ||
| 005 | 20260405072448.0 | ||
| 010 |
_a978-5-9524-2417-2 _910000 |
||
| 021 |
_aRU _b2010-103099 _96966 |
||
| 035 | _a(nilc)LIBNET\0000122528 | ||
| 035 | _a(NLR Aleph) 001724317 | ||
| 090 |
_a1359575 _c1359575 |
||
| 100 | _a20110419d2011 |||y0rusy50 ca | ||
| 101 | 0 | _arus | |
| 102 | _aRU | ||
| 105 | _aa ||||||||| | ||
| 200 | 1 |
_aАртроз _eизбавляемся от болей в суставах _eлекарственные способы лечения, мануальная терапия, массаж, лечебная гимнастика _f[Павел Валерьевич Марченко] |
|
| 205 | _aИзд. 2-е, испр. | ||
| 210 |
_aМосква _cЦентрполиграф _d2011 _eСанкт-Петербург _gООО "Ленингр. изд-во" |
||
| 215 |
_a224 с. _cил. _d21 |
||
| 225 | 1 | _aМетодики доктора Евдокименко | |
| 300 | _aАвт. указан на обороте тит.л. | ||
| 320 | _aБиблиогр.: с. 222-223 | ||
| 606 | 1 |
_aАртрозы _xТерапия _91028258 _3RU\NLR\auth\6676350 |
|
| 686 |
_a54.181.2-5 _vLBC/M _2rubbk |
||
| 686 | _aР418.120.40-5 | ||
| 700 | 1 |
_4070 _8rus _7ca _aЕвдокименко _bП. В. _gПавел Валериевич _3RU\NLR\auth\7719168 _92241 |
|
| 801 | 0 |
_aRU _bМурманская ГОУНБ _c20110419 _grcr |
|
| 801 | 1 |
_aRU _bМурманская ГОУНБ _c20110419 _grcr _2rusmarc |
|
| 801 | 2 |
_aRU _bNLR _c20110208 _grcr |
|
| 942 | _cBOOK | ||
| 980 | _aNB | ||
| 980 | _aNBR | ||